000 02249nam0a2200385 4500
001 RU\NLR\BIBL_A\012371568
005 20201020162000.0
010 _a978-5-4497-0565-5
_91000
021 _aRU
_bКН-П-20-031874
_9КН-П-20-2443
035 _a(NLR Aleph) 012371568
035 _a(RuMoRGB)010349212
090 _a11578409
_c11578409
100 _a20201007d2020 u y0rusy50 ca
101 0 _arus
102 _aRU
105 _aa z 000zy
181 0 _ai
_baxxe
182 0 _an
200 1 _aЭлектрические машины и трансформаторы
_eучебное пособие
_fА. С. Ватаев, Г. А. Давидчук, А. М. Лебедев
_gФедеральное государственное бюджетное образовательное учреждение высшего образования "Петербургский государственный университет путей сообщения императора Александра I"
203 _aТекст
_bвизуальный
_cнепосредственный
210 _aМосква
_cАй Пи Ар Медиа
_d2020
215 _a192 с.
_cил., табл.
_d22
225 1 _aФГОС ВО
300 _aНа обороте тит.л. авт.: Ватаев А. С., Давидчук Г. А., Лебедев А. М., кандидаты техн. наук, доценты
320 _aБиблиогр.: с. 190-192 (18 назв.)
606 1 _aЭлектрические машины
_jУчебные издания для высших учебных заведений
_91326357
_3RU\NLR\AUTH\66236028
606 1 _aТрансформаторы
_jУчебные издания для высших учебных заведений
_9904913
_3RU\NLR\AUTH\669649
686 1 _aЗ261я73-1
700 1 _aВатаев
_bА. С.
_gАндрей Сергеевич
701 1 _aДавидчук
_bГ. А.
_gГеннадий Афанасьевич
701 1 _7ca
_8rus
_aЛебедев
_bА. М.
_cканд. техн. наук, радиотехника
_gАндрей Михайлович
_972243
_3RU\NLR\AUTH\7789315
942 _cBOOK
980 _aNB